| 000 | 01129nam a2200301 a 4500 | ||
|---|---|---|---|
| 001 | 30982 | ||
| 003 | BD-RjUL | ||
| 005 | 20211209051639.0 | ||
| 008 | 181202s1987 bg a s f000 0 eng | ||
| 020 | _c: Tk. 200.00 (Inland) ; U.S. $ 25.00 (Foreign, including postage) | ||
| 035 | _a(BD-RjUL)31069 | ||
| 040 |
_aDLC _cDLC _dDLC _dBD-RjUL _beng |
||
| 041 | 0 | _aengben | |
| 043 | _aa-bg--- | ||
| 082 | 0 | 0 |
_a630.95492021 _223 _bRAS 1987(ZS) |
| 110 | 1 |
_aBangladesh Bureau of Statistics. _9225503 |
|
| 245 | 1 | 4 |
_aThe Bangladesh census of agriculture and livestock: 1983-84 : _bZila series: Rajshahi / _cBangladesh Bureau of Statistics. |
| 260 |
_aDhaka : _bBBS, _c1987 |
||
| 300 |
_ax, 227 p. : _bIll. ; _c29 cm. |
||
| 490 | _aZila series: Rajshahi | ||
| 500 | _aPrefatory matter in Bengali and English. | ||
| 500 | _aChiefly statistical tables. | ||
| 650 | 0 |
_aAgriculture _zRajshahi Zila _zBangladesh _xStatistics. _9225504 |
|
| 650 | 0 |
_aLivestock _zRajshahi Zila _zBangladesh _xStatistics. _9225505 |
|
| 650 | 0 |
_aAgricultural surveys _zRajshahi Zila _zBangladesh. _9225506 |
|
| 830 |
_aZila series: Rajshahi _9225507 |
||
| 942 | _cRAR | ||
| 999 |
_c30982 _d30982 |
||